[Event "Madrid-ch 2017-2018 - Previa A"]
[Site "Madrid ESP"]
[Date "2018.02.13"]
[Round "5.29"]
[White "Perales Hernandez, Manuel"]
[Black "Martinez Pintor, Juan"]
[Result "0-1"]
[WhiteElo "1345"]
[BlackElo "1670"]
[PlyCount "88"]
[EventDate "2018.02.05"]
[EventType "swiss"]
[EventRounds "9"]
[EventCountry "ESP"]
[SourceTitle "Ajedrez en Madrid"]
[Source "lmi"]
[SourceDate "2018.02.05"]

1. e4 e6 2. e5 d5 3. d4 c5 4. b3 cxd4 5. Qxd4 Nc6 6. Bb5 Nge7 7. Nf3 Nf5 8. Qf4
Qa5+ 9. Bd2 Qxb5 10. g4 Nfe7 11. Ng5 Nd8 12. a4 Qc6 13. Nc3 Ng6 14. Qg3 a6 15.
O-O-O b5 16. f4 d4 17. Ne2 Qc5 18. Qf2 Qa3+ 19. Kb1 d3 20. Bc1 dxc2+ 21. Kxc2
Qa2+ 22. Bb2 bxa4 23. Nd4 axb3+ 24. Nxb3 Qa4 25. Rd4 Qc6+ 26. Bc3 Qxh1 27. Qd2
Be7 28. Ba5 Nc6 29. Rc4 Nxa5 30. Nxa5 O-O 31. Nc6 Bxg5 32. fxg5 Bb7 33. Na5 Bd5
34. Rb4 Qa1 35. Rb2 Be4+ 36. Kb3 Rfb8+ 37. Kc3 Qxa5+ 38. Kd4 Qxe5+ 39. Ke3 Rxb2
40. Qc1 Qf4+ 41. Kd4 Qxc1 42. Kxe4 Rb3 43. Kd4 Rd8+ 44. Ke4 Qf4# 0-1

[Event "Madrid-ch 2017-2018 - Previa A"]
[Site "Madrid ESP"]
[Date "2018.02.13"]
[Round "5.30"]
[White "Diaz del Prado, Carlos"]
[Black "Caravantes Camacho, Fernando"]
[Result "0-1"]
[WhiteElo "1302"]
[BlackElo "1551"]
[PlyCount "50"]
[EventDate "2018.02.05"]
[EventType "swiss"]
[EventRounds "9"]
[EventCountry "ESP"]
[SourceTitle "Ajedrez en Madrid"]
[Source "lmi"]
[SourceDate "2018.02.05"]

1. d4 Nf6 2. Nf3 g6 3. Bf4 Bg7 4. e3 d6 5. c3 O-O 6. Nbd2 Nbd7 7. Bd3 Qe8 8.
O-O e5 9. dxe5 dxe5 10. Nxe5 Nxe5 11. Bc2 Nh5 12. Re1 Qb5 13. Nb3 Nxf4 14. exf4
Ng4 15. Bd3 Qb6 16. Qc2 Bd7 17. h3 Nh6 18. Re7 Bf5 19. Rd1 Rad8 20. Bxf5 Nxf5
21. Re4 Rxd1+ 22. Qxd1 Qc6 23. Qc2 Re8 24. Rb4 Nh4 25. Na5 Qxg2# 0-1

[Event "Madrid-ch 2017-2018 - Previa A"]
[Site "Madrid ESP"]
[Date "2018.02.13"]
[Round "5.34"]
[White "Rufo Yebra, Benito"]
[Black "Santiago Garcia, Jorge"]
[Result "1/2-1/2"]
[WhiteElo "1409"]
[BlackElo "1483"]
[PlyCount "233"]
[EventDate "2018.02.05"]
[EventType "swiss"]
[EventRounds "9"]
[EventCountry "ESP"]
[SourceTitle "Ajedrez en Madrid"]
[Source "lmi"]
[SourceDate "2018.02.05"]

1. d4 d5 2. e3 g6 3. Nf3 Bg7 4. Bd3 Nf6 5. Nc3 Nc6 6. a3 O-O 7. Bd2 a6 8. h4
Bg4 9. Be2 Re8 10. Nh2 Bxe2 11. Qxe2 e5 12. dxe5 Nxe5 13. O-O-O Qe7 14. Nf3 Nc4
15. Nxd5 Qc5 16. Bb4 Qc6 17. Nd4 Qxd5 18. Nb3 Qc6 19. Bc3 Ne4 20. Bxg7 Kxg7 21.
h5 b5 22. hxg6 fxg6 23. Qg4 Rad8 24. Rxd8 Rxd8 25. Qh4 Nf6 26. Nd4 Qd5 27. g4
Nd6 28. g5 Nh5 29. Qh3 Nf5 30. Rd1 Kg8 31. Qg4 Re8 32. Nb3 Qc6 33. Na5 Qa8 34.
Qb4 Re7 35. Nb3 Nd6 36. Nd4 Ng7 37. Qb3+ Nc4 38. Ne2 Nf5 39. Nf4 c6 40. Qc3 Qe8
41. Qb4 Rd7 42. Nd3 Ne5 43. Qb3+ Nc4 44. Rg1 Nfxe3 45. Re1 Re7 46. fxe3 Rxe3
47. Rd1 Qe6 48. Qb4 Re2 49. Nf4 Qe3+ 50. Kb1 Nd2+ 51. Ka2 c5 52. Qa5 Qxf4 53.
Qd8+ Kg7 54. Qd7+ Qf7+ 55. Qxf7+ Kxf7 56. c3 Rh2 57. Re1 Nf3 58. Rf1 Rh3 59.
Rd1 Ke6 60. Rd8 Nxg5 61. Ra8 Nf7 62. Rxa6+ Nd6 63. Kb3 g5 64. a4 b4 65. a5 bxc3
66. bxc3 Kd7 67. Ra7+ Kc6 68. Rg7 h6 69. a6 Nb5 70. a7 Nxa7 71. Rxa7 g4 72. Kc4
Kb6 73. Rg7 h5 74. Rg6+ Kc7 75. Kxc5 Rxc3+ 76. Kd4 Rc6 77. Rg5 Rh6 78. Ke4 Kd6
79. Kf4 Ke6 80. Ra5 Rh8 81. Re5+ Kd6 82. Rg5 Rf8+ 83. Kg3 Rf3+ 84. Kg2 Rh3 85.
Rf5 Ke6 86. Ra5 Kf6 87. Rb5 Kg6 88. Ra5 Rf3 89. Rc5 Rf5 90. Rc1 Kg5 91. Re1 h4
92. Re3 g3 93. Kh3 Rf4 94. Re5+ Kg6 95. Kg2 Rf5 96. Re4 Kg5 97. Kh3 Rf4 98. Re2
Rf1 99. Re4 Rh1+ 100. Kg2 Rh2+ 101. Kg1 h3 102. Rd4 Rb2 103. Rd1 Kg4 104. Kh1
g2+ 105. Kh2 Rf2 106. Rd4+ Kh5 107. Rd3 g1=Q+ 108. Kxg1 h2+ 109. Kh1 Kg4 110.
Rh3 Rb2 111. Rxh2 Rb1+ 112. Kg2 Rb2+ 113. Kg1 Rb3 114. Rg2+ Kf3 115. Kh2 Rb8
116. Kg1 Rb1+ 117. Kh2 1/2-1/2

[Event "Madrid-ch 2017-2018 - Previa A"]
[Site "Madrid ESP"]
[Date "2018.02.13"]
[Round "5.35"]
[White "Beekhof Harmsen, Willen"]
[Black "Martinez Carrasco, Jesus"]
[Result "0-1"]
[WhiteElo "1514"]
[BlackElo "1620"]
[PlyCount "96"]
[EventDate "2018.02.05"]
[EventType "swiss"]
[EventRounds "9"]
[EventCountry "ESP"]
[SourceTitle "Ajedrez en Madrid"]
[Source "lmi"]
[SourceDate "2018.02.05"]

1. d4 Nf6 2. Nf3 d5 3. Nc3 g6 4. Bg5 Bg7 5. e3 O-O 6. Be2 c6 7. Ne5 Nbd7 8. h4
h5 9. g4 Nxe5 10. Bxf6 Nxg4 11. Bxg7 Kxg7 12. Rg1 Rh8 13. Qd3 Bf5 14. e4 dxe4
15. Nxe4 Qd5 16. f3 Nf6 17. c4 Qa5+ 18. Qc3 Qxc3+ 19. Nxc3 Rad8 20. O-O-O Rd7
21. d5 cxd5 22. Nxd5 Nxd5 23. cxd5 Rc8+ 24. Kd2 Rxd5+ 25. Ke1 Rdc5 26. f4 Kf8
27. b4 Rc2 28. a3 Ra2 29. Bf3 b6 30. Rg5 Rxa3 31. Bxh5 f6 32. Rxf5 gxf5 33. Bg6
Rf3 34. h5 Rxf4 35. Ke2 Rxb4 36. Bxf5 Rb8 37. Rh1 e6 38. Bg6 Rd8 39. h6 Rg4 40.
Bh5 Rg5 41. Bf3 f5 42. h7 Kg7 43. Ra1 a5 44. Rc1 Rd6 45. Rc7+ Kh8 46. Ke3 Rg7
47. Rxg7 Kxg7 48. h8=Q+ Kxh8 0-1

[Event "Madrid-ch 2017-2018 - Previa A"]
[Site "Madrid ESP"]
[Date "2018.02.14"]
[Round "6.1"]
[White "Vazquez Gonzalez, Jesus"]
[Black "Camarero Izquierdo, Juan Carlos"]
[Result "1-0"]
[WhiteElo "1985"]
[BlackElo "1915"]
[PlyCount "45"]
[EventDate "2018.02.05"]
[EventType "swiss"]
[EventRounds "9"]
[EventCountry "ESP"]
[SourceTitle "Ajedrez en Madrid"]
[Source "lmi"]
[SourceDate "2018.02.05"]

1. c4 e5 2. g3 d5 3. cxd5 Qxd5 4. Nf3 Nc6 5. Nc3 Qd6 6. Qa4 f5 7. d4 e4 8. d5
Bd7 9. Bf4 Qe7 10. Nd4 Ne5 11. Qb3 O-O-O 12. Rc1 g5 13. Bxe5 Qxe5 14. e3 Nf6
15. Nc6 Bxc6 16. dxc6 bxc6 17. Ba6+ Kd7 18. Qf7+ Kd6 19. O-O Rd7 20. Rfd1+ Nd5
21. Rxd5+ Qxd5 22. Qf6+ Qe6 23. Rd1+ 1-0

[Event "Madrid-ch 2017-2018 - Previa A"]
[Site "Madrid ESP"]
[Date "2018.02.14"]
[Round "6.2"]
[White "Marcos Herrero, Francisco"]
[Black "Esteban Amo, Jose M"]
[Result "1/2-1/2"]
[WhiteElo "1914"]
[BlackElo "1847"]
[PlyCount "140"]
[EventDate "2018.02.05"]
[EventType "swiss"]
[EventRounds "9"]
[EventCountry "ESP"]
[SourceTitle "Ajedrez en Madrid"]
[Source "lmi"]
[SourceDate "2018.02.05"]

1. d4 Nf6 2. Nf3 d5 3. c4 c6 4. g3 g6 5. Bg2 Bg7 6. O-O O-O 7. b3 Be6 8. Nbd2
Qd7 9. Ne5 Qd8 10. Bb2 Nbd7 11. Nd3 Bh6 12. e3 Bf5 13. Qe2 Bxd3 14. Qxd3 Rc8
15. Rad1 Re8 16. e4 dxe4 17. Nxe4 Nxe4 18. Qxe4 Nf6 19. Qc2 Bg7 20. h4 Qc7 21.
Bf3 h5 22. Rfe1 e6 23. Re2 Rcd8 24. Rde1 Qd7 25. Kg2 Rc8 26. Qb1 Rcd8 27. Qa1
Ng4 28. d5 Bxb2 29. dxc6 Bxa1 30. cxd7 Rxd7 31. Rxa1 Nf6 32. Rae1 Red8 33. Re5
b6 34. R1e2 Rd2 35. R5e3 Rxe2 36. Rxe2 Rd4 37. Rc2 Nd7 38. Be2 a5 39. a3 Kf8
40. Kf3 Ke7 41. Ke3 Rd6 42. b4 axb4 43. axb4 Rc6 44. f4 Rc7 45. Bf3 Kd6 46.
Rd2+ Ke7 47. Kd4 Kd6 48. Kc3+ Ke7 49. Kb3 Ra7 50. Bc6 Rc7 51. Rxd7+ Rxd7 52.
Bxd7 Kxd7 53. c5 bxc5 54. bxc5 f6 55. Kc3 Kc6 56. Kc4 Kc7 57. Kb5 e5 58. fxe5
fxe5 59. Kb4 Kd7 60. Kb5 Kc7 61. Kc4 Kc6 62. Kb4 e4 63. Kc4 e3 64. Kd3 Kxc5 65.
Kxe3 Kd5 66. Kf4 Ke6 67. Kg5 Kf7 68. Kh6 Kf6 69. Kh7 Kf7 70. Kh8 Kf8 1/2-1/2

[Event "Madrid-ch 2017-2018 - Previa A"]
[Site "Madrid ESP"]
[Date "2018.02.14"]
[Round "6.4"]
[White "Perez Diez, Victor"]
[Black "Narvaez Parra, Vicente"]
[Result "1-0"]
[WhiteElo "1912"]
[BlackElo "1809"]
[PlyCount "83"]
[EventDate "2018.02.05"]
[EventType "swiss"]
[EventRounds "9"]
[EventCountry "ESP"]
[SourceTitle "Ajedrez en Madrid"]
[Source "lmi"]
[SourceDate "2018.02.05"]

1. e4 c6 2. Nc3 d5 3. Nf3 Bg4 4. d4 dxe4 5. Nxe4 e6 6. c3 Nf6 7. Ng3 Nh5 8.
Nxh5 Bxh5 9. Bf4 Bd6 10. Bxd6 Qxd6 11. Qd3 Nd7 12. Be2 O-O-O 13. O-O Bg6 14.
Qe3 Kb8 15. Ne5 Nxe5 16. dxe5 Qd2 17. Rad1 Qxe3 18. fxe3 Kc7 19. Rxd8 Rxd8 20.
Rd1 Rxd1+ 21. Bxd1 a5 22. Kf2 Kb6 23. Kf3 Kc5 24. e4 b5 25. Ke3 f6 26. Kf4 b4
27. Bb3 Bf7 28. exf6 gxf6 29. e5 bxc3 30. bxc3 fxe5+ 31. Kxe5 Kb5 32. a4+ Kc5
33. g4 Bg6 34. h4 Bd3 35. g5 Bf5 36. h5 Bd3 37. Kxe6 Bc4+ 38. Bxc4 Kxc4 39. g6
hxg6 40. hxg6 Kxc3 41. Kd6 Kb4 42. Kxc6 1-0

[Event "Madrid-ch 2017-2018 - Previa A"]
[Site "Madrid ESP"]
[Date "2018.02.14"]
[Round "6.5"]
[White "Fernandez Garcia, Ignacio"]
[Black "Fernandez Aransay, Fernando"]
[Result "0-1"]
[WhiteElo "1851"]
[BlackElo "1811"]
[PlyCount "92"]
[EventDate "2018.02.05"]
[EventType "swiss"]
[EventRounds "9"]
[EventCountry "ESP"]
[SourceTitle "Ajedrez en Madrid"]
[Source "lmi"]
[SourceDate "2018.02.05"]

1. e4 c5 2. Nf3 d6 3. d4 cxd4 4. Nxd4 Nf6 5. Nc3 g6 6. Be2 Bg7 7. Be3 O-O 8. f3
Nc6 9. Qd2 d5 10. O-O-O dxe4 11. Nxc6 Qxd2+ 12. Rxd2 bxc6 13. fxe4 Be6 14. h3
Nd7 15. Nd1 Nb6 16. b3 Rab8 17. c4 a5 18. Kc2 a4 19. Nc3 axb3+ 20. axb3 h5 21.
Ra1 Nd7 22. Ra6 Rfc8 23. Ra7 Rd8 24. Rd1 Ra8 25. Rda1 Rxa7 26. Rxa7 Be5 27. Na4
Rb8 28. Nb2 Nf6 29. Nd3 Bg3 30. Bf3 Nd7 31. Kc3 Ne5 32. Bf4 Bxf4 33. Nxf4 Bd7
34. Bd1 Rd8 35. Be2 Kf8 36. b4 h4 37. Bd1 g5 38. Ne2 Bxh3 39. Nd4 Bxg2 40. Ra5
h3 41. Rxe5 h2 42. Rf5 Rxd4 43. Kxd4 h1=Q 44. Bc2 Qg1+ 45. Kc3 Qe1+ 46. Kb3
Bxe4 0-1

[Event "Madrid-ch 2017-2018 - Previa A"]
[Site "Madrid ESP"]
[Date "2018.02.14"]
[Round "6.6"]
[White "Santamaria Baeza, Adolfo"]
[Black "Marivela Santos, Juan Carlos"]
[Result "1-0"]
[WhiteElo "1846"]
[BlackElo "1686"]
[PlyCount "118"]
[EventDate "2018.02.05"]
[EventType "swiss"]
[EventRounds "9"]
[EventCountry "ESP"]
[SourceTitle "Ajedrez en Madrid"]
[Source "lmi"]
[SourceDate "2018.02.05"]

1. e4 c6 2. d4 d5 3. e5 Bf5 4. Nf3 e6 5. Be2 Nd7 6. O-O c5 7. c3 Ne7 8. dxc5
Nxc5 9. Bb5+ Nc6 10. Nd4 Qb6 11. Bxc6+ bxc6 12. b4 Bxb1 13. Rxb1 Nd7 14. Be3
Qc7 15. f4 g6 16. Qa4 Rc8 17. Nb3 Nb6 18. Qa6 Be7 19. a4 Nc4 20. Bd4 O-O 21.
Rf2 Ra8 22. Nd2 Nxd2 23. Rxd2 Qc8 24. Qd3 c5 25. Bf2 c4 26. Qf3 Qc6 27. a5 Rfb8
28. Rdb2 Rb5 29. h4 Qc7 30. h5 Bf8 31. Qh3 Rab8 32. hxg6 hxg6 33. g4 Bg7 34.
Bd4 Qe7 35. Ra1 Qc7 36. Re2 Qe7 37. Rf1 a6 38. f5 exf5 39. gxf5 Qg5+ 40. Rg2
Qh6 41. Qxh6 Bxh6 42. fxg6 fxg6 43. Rxg6+ Kh7 44. Rff6 Bd2 45. Rg2 Rg8 46. Rxg8
Kxg8 47. Rxa6 Rb7 48. Ra8+ Kf7 49. Rd8 Ke6 50. a6 Rg7+ 51. Kf1 Rh7 52. b5 Rh1+
53. Ke2 Rh2+ 54. Kf3 Bg5 55. Rd6+ Kf5 56. a7 Rh3+ 57. Kg2 Kg4 58. Rg6 Rg3+ 59.
Kf2 Kh3 1-0

[Event "Madrid-ch 2017-2018 - Previa A"]
[Site "Madrid ESP"]
[Date "2018.02.14"]
[Round "6.7"]
[White "Jimenez Garcia, Rodrigo"]
[Black "Rueda Maria, Ramiro"]
[Result "1/2-1/2"]
[WhiteElo "1783"]
[BlackElo "1820"]
[PlyCount "73"]
[EventDate "2018.02.05"]
[EventType "swiss"]
[EventRounds "9"]
[EventCountry "ESP"]
[SourceTitle "Ajedrez en Madrid"]
[Source "lmi"]
[SourceDate "2018.02.05"]

1. e4 e5 2. Nf3 Nf6 3. d4 Nxe4 4. Bd3 d5 5. Nxe5 Nd7 6. Qe2 Nxe5 7. Bxe4 dxe4
8. Qxe4 Qe7 9. dxe5 Qb4+ 10. Qxb4 Bxb4+ 11. Bd2 Bc5 12. Nc3 Bf5 13. O-O-O O-O-O
14. f3 Rhe8 15. Bg5 Rxd1+ 16. Rxd1 h6 17. Bf4 g5 18. Bg3 c6 19. Re1 Bd4 20. Ne4
Bxe4 21. Rxe4 Bc5 22. Kd2 Kd7 23. Ke2 Ke6 24. Be1 Rd8 25. h4 Rd4 26. hxg5 hxg5
27. Bc3 Rxe4+ 28. fxe4 g4 29. Kd3 Bf8 30. a4 Bg7 31. b4 Bxe5 32. Bxe5 Kxe5 33.
g3 b6 34. c3 a5 35. Ke3 c5 36. bxc5 bxc5 37. c4 1/2-1/2

[Event "Madrid-ch 2017-2018 - Previa A"]
[Site "Madrid ESP"]
[Date "2018.02.14"]
[Round "6.8"]
[White "Lizon Martinez, Santiago"]
[Black "Andalon Gomez, Carlos Jesus"]
[Result "0-1"]
[WhiteElo "1710"]
[BlackElo "1935"]
[PlyCount "102"]
[EventDate "2018.02.05"]
[EventType "swiss"]
[EventRounds "9"]
[EventCountry "ESP"]
[SourceTitle "Ajedrez en Madrid"]
[Source "lmi"]
[SourceDate "2018.02.05"]

1. e4 Nc6 2. Nf3 d6 3. d4 Nf6 4. Nc3 Bg4 5. Be2 e6 6. O-O d5 7. exd5 Nxd5 8.
Ne4 Qd7 9. c3 O-O-O 10. Qc2 Nf6 11. Ne5 Nxe5 12. dxe5 Bxe2 13. Qxe2 Nxe4 14.
Qxe4 Qd5 15. Qa4 Qxe5 16. Bf4 Qf5 17. Rad1 Bc5 18. Bg3 Bb6 19. Qc4 h5 20. h4
Rd5 21. Rxd5 Qxd5 22. Qxd5 exd5 23. Re1 Kd7 24. Re5 c6 25. Kf1 Bc7 26. Rg5 Bxg3
27. Rxg3 g6 28. Rf3 Rf8 29. Ke2 Re8+ 30. Kd2 Re7 31. Kd3 Ke8 32. Kd2 Re4 33. g3
Ke7 34. Rd3 Ke6 35. f3 Re5 36. Rd4 c5 37. Rf4 a6 38. b4 c4 39. a4 Rf5 40. Ke3
Rxf4 41. Kxf4 d4 42. cxd4 c3 43. Ke3 Kd5 44. Kd3 c2 45. Kxc2 Kxd4 46. Kb3 b5
47. axb5 axb5 48. g4 f5 49. gxh5 gxh5 50. f4 Kd3 51. Kb2 Kc4 0-1

[Event "Madrid-ch 2017-2018 - Previa A"]
[Site "Madrid ESP"]
[Date "2018.02.14"]
[Round "6.9"]
[White "Alvarez Abejon, Amilcar"]
[Black "Yeves Miquel, Enrique"]
[Result "1-0"]
[WhiteElo "1958"]
[BlackElo "1762"]
[PlyCount "49"]
[EventDate "2018.02.05"]
[EventType "swiss"]
[EventRounds "9"]
[EventCountry "ESP"]
[SourceTitle "Ajedrez en Madrid"]
[Source "lmi"]
[SourceDate "2018.02.05"]

1. e4 c5 2. Nf3 e6 3. d4 cxd4 4. Nxd4 Nc6 5. Nc3 Qc7 6. f4 a6 7. Nxc6 Qxc6 8.
Bd3 b5 9. Qe2 Bb7 10. Bd2 Bc5 11. O-O-O Ne7 12. a3 O-O-O 13. Be3 Bxa3 14. Nxb5
Bxb2+ 15. Kxb2 axb5 16. Ra1 b4 17. Bd4 f6 18. Ba6 Kb8 19. Bxb7 Qxb7 20. Ra7
Qxa7 21. Bxa7+ Kxa7 22. Ra1+ Kb8 23. Qb5+ Kc7 24. Ra7+ Kd6 25. e5+ 1-0

[Event "Madrid-ch 2017-2018 - Previa A"]
[Site "Madrid ESP"]
[Date "2018.02.14"]
[Round "6.11"]
[White "De Luna Butz, Alberto"]
[Black "Carrasco Coquillat, Jorge"]
[Result "1/2-1/2"]
[WhiteElo "1799"]
[BlackElo "1726"]
[PlyCount "85"]
[EventDate "2018.02.05"]
[EventType "swiss"]
[EventRounds "9"]
[EventCountry "ESP"]
[SourceTitle "Ajedrez en Madrid"]
[Source "lmi"]
[SourceDate "2018.02.05"]

1. Nf3 Nf6 2. c4 c5 3. Nc3 Nc6 4. d4 cxd4 5. Nxd4 g6 6. e4 d6 7. Be2 Bg7 8. Be3
O-O 9. Qd2 Bd7 10. f3 Nxd4 11. Bxd4 Bc6 12. O-O Qd7 13. Nd5 Bxd5 14. exd5 a6
15. Bb6 Qc8 16. Rac1 Nd7 17. Bf2 a5 18. Rfe1 Nc5 19. b3 Re8 20. Bf1 Qc7 21. Bd3
Bh6 22. Be3 Bxe3+ 23. Rxe3 Nxd3 24. Qxd3 b6 25. Rce1 Ra7 26. f4 Qd7 27. Rg3 e6
28. dxe6 Rxe6 29. Rge3 Rxe3 30. Qxe3 Qc7 31. f5 Qc5 32. Qxc5 bxc5 33. fxg6 fxg6
34. Re8+ Kf7 35. Rh8 Kf6 36. Kf2 a4 37. Rb8 axb3 38. axb3 Ke5 39. Rb6 Rc7 40.
Kg3 d5 41. cxd5 Kxd5 42. Kh4 Rf7 43. Kg3 1/2-1/2

[Event "Madrid-ch 2017-2018 - Previa A"]
[Site "Madrid ESP"]
[Date "2018.02.14"]
[Round "6.12"]
[White "Martinez Aragon, Aitor"]
[Black "Jimenez Jimenez, Darfo"]
[Result "1-0"]
[WhiteElo "1786"]
[BlackElo "1708"]
[PlyCount "135"]
[EventDate "2018.02.05"]
[EventType "swiss"]
[EventRounds "9"]
[EventCountry "ESP"]
[SourceTitle "Ajedrez en Madrid"]
[Source "lmi"]
[SourceDate "2018.02.05"]

1. b3 e5 2. Bb2 Nc6 3. e3 Nf6 4. Bb5 d6 5. Ne2 a6 6. Bxc6+ bxc6 7. d4 e4 8. c4
d5 9. O-O Bd6 10. Nf4 O-O 11. Qc2 Bxf4 12. exf4 Nh5 13. f3 f5 14. g3 Be6 15.
Qe2 Nf6 16. Nd2 Re8 17. fxe4 fxe4 18. f5 Bf7 19. h3 Nh5 20. Qe3 a5 21. g4 Nf6
22. c5 h6 23. Rf2 Nh7 24. Raf1 Qg5 25. Rf4 Qh4 26. Kh2 Ng5 27. Qg3 Qxg3+ 28.
Kxg3 e3 29. Nf3 Ne4+ 30. Kg2 Nd2 31. Nxd2 exd2 32. R4f2 a4 33. Rxd2 axb3 34.
axb3 Re3 35. Rf3 Re1 36. b4 Rae8 37. Bc3 Rc1 38. Kf2 Ree1 39. Kg3 h5 40. Kf4
Re4+ 41. Kg5 hxg4 42. hxg4 Rg1 43. Rf4 Re3 44. Rc2 Rgg3 45. Bd2 Rb3 46. Rf2
Rgd3 47. Ra2 Kf8 48. Re2 Ra3 49. Rxa3 Rxa3 50. Bf4 Rb3 51. Bxc7 Rxb4 52. Be5
Rb7 53. Bd6+ Kg8 54. Re7 Rxe7 55. Bxe7 Be8 56. Kf4 Kf7 57. Bd8 Bd7 58. Ke5 Ke8
59. Bh4 Kf7 60. Kd6 Be8 61. g5 g6 62. fxg6+ Kxg6 63. Ke7 Bf7 64. Kd7 Kf5 65.
Kxc6 Kg4 66. Kd6 Kxh4 67. c6 Bg6 68. c7 1-0

[Event "Madrid-ch 2017-2018 - Previa A"]
[Site "Madrid ESP"]
[Date "2018.02.14"]
[Round "6.13"]
[White "Martin-Consuegra Barrilero, Francisco Javier"]
[Black "Rodriguez Bachiller, Luis"]
[Result "1/2-1/2"]
[WhiteElo "1785"]
[BlackElo "1622"]
[PlyCount "132"]
[EventDate "2018.02.05"]
[EventType "swiss"]
[EventRounds "9"]
[EventCountry "ESP"]
[SourceTitle "Ajedrez en Madrid"]
[Source "lmi"]
[SourceDate "2018.02.05"]

1. Nf3 d5 2. d4 Nf6 3. Bf4 e6 4. e3 Bd6 5. Bg3 c6 6. Nbd2 Qc7 7. a3 Nbd7 8.
Bxd6 Qxd6 9. c4 dxc4 10. Nxc4 Qe7 11. Bd3 c5 12. O-O cxd4 13. exd4 b6 14. Re1
Bb7 15. Rc1 O-O 16. Bb1 Rfc8 17. Qd2 Bxf3 18. gxf3 Rc7 19. Ne3 Rac8 20. Rxc7
Rxc7 21. Nf5 Qd8 22. Ng3 Nd5 23. Kh1 N7f6 24. Rg1 Qd6 25. Ne2 g6 26. Qg5 Kg7
27. h4 h6 28. Qg2 Nf4 29. Qh2 N6h5 30. Be4 Rd7 31. Nxf4 Qxf4 32. Qxf4 Nxf4 33.
Rd1 Rc7 34. Rd2 g5 35. hxg5 hxg5 36. Kh2 f5 37. Bc2 Kf6 38. Bb3 Rh7+ 39. Kg1
Rc7 40. Bc2 Rd7 41. Bb3 Ke7 42. Kf1 a6 43. Ke1 Ng2+ 44. Ke2 b5 45. a4 Nf4+ 46.
Ke3 Nd5+ 47. Bxd5 Rxd5 48. b3 bxa4 49. bxa4 Ra5 50. Ra2 Kd6 51. Kd3 Kd5 52. Kc3
Kc6 53. Kc4 e5 54. dxe5 Rxe5 55. Rd2 g4 56. fxg4 Re4+ 57. Rd4 Rxg4 58. Rxg4
fxg4 59. Kd4 Kb6 60. Ke4 Ka5 61. Kf4 Kxa4 62. Kxg4 Kb3 63. f4 a5 64. f5 a4 65.
f6 a3 66. f7 a2 1/2-1/2

[Event "Madrid-ch 2017-2018 - Previa A"]
[Site "Madrid ESP"]
[Date "2018.02.14"]
[Round "6.14"]
[White "Perez Cameselle, Francisco Jose"]
[Black "Salgado Duarte, Pablo"]
[Result "1-0"]
[WhiteElo "1773"]
[BlackElo "1530"]
[PlyCount "111"]
[EventDate "2018.02.05"]
[EventType "swiss"]
[EventRounds "9"]
[EventCountry "ESP"]
[SourceTitle "Ajedrez en Madrid"]
[Source "lmi"]
[SourceDate "2018.02.05"]

1. Nf3 d5 2. g3 Nc6 3. d4 Nf6 4. Bg2 Bf5 5. c4 e6 6. O-O h6 7. Nc3 a6 8. cxd5
exd5 9. Ne5 Nxe5 10. dxe5 Nd7 11. Qxd5 c6 12. Qb3 Qc7 13. f4 Bc5+ 14. Kh1 O-O
15. Ne4 Rad8 16. Be3 Bxe3 17. Qxe3 Nb6 18. Rfd1 Nd5 19. Qc5 b6 20. Qf2 Be6 21.
a3 Ne7 22. Rd3 c5 23. Rad1 Nf5 24. e3 Rxd3 25. Rxd3 Rd8 26. Qd2 Rxd3 27. Qxd3
b5 28. g4 c4 29. Qd2 Ne7 30. Qd6 Qa7 31. Qc5 Qd7 32. Qd4 Bxg4 33. Qxd7 Bxd7 34.
Nc5 Bc8 35. Be4 g6 36. Kg2 Kf8 37. Kf2 Ke8 38. Ke2 Kd8 39. Kd2 Kc7 40. Kc3 Kb6
41. b4 Nc6 42. Bd5 Nd8 43. a4 a5 44. axb5 Kxb5 45. Bxc4+ Kc6 46. Ne4 axb4+ 47.
Kxb4 Ne6 48. Nd6 Bd7 49. Nxf7 h5 50. Bxe6 Bxe6 51. Nd8+ Kd7 52. Nxe6 Kxe6 53.
Kc4 Ke7 54. Kd5 Kd7 55. e6+ Ke7 56. Ke5 1-0

[Event "Madrid-ch 2017-2018 - Previa A"]
[Site "Madrid ESP"]
[Date "2018.02.14"]
[Round "6.16"]
[White "Gortazar Rubial, Javier Maria"]
[Black "Bermejo Redondo, Oscar"]
[Result "1-0"]
[WhiteElo "1543"]
[BlackElo "1828"]
[PlyCount "99"]
[EventDate "2018.02.05"]
[EventType "swiss"]
[EventRounds "9"]
[EventCountry "ESP"]
[SourceTitle "Ajedrez en Madrid"]
[Source "lmi"]
[SourceDate "2018.02.05"]

1. e4 e6 2. d3 c5 3. g3 Nc6 4. Bg2 g6 5. f4 Nge7 6. Nf3 Bg7 7. O-O O-O 8. c3 d6
9. Be3 Rb8 10. Nbd2 b5 11. d4 cxd4 12. cxd4 d5 13. e5 Na5 14. b3 Qb6 15. Rc1
Nac6 16. Rc5 Bb7 17. Qe2 Ba6 18. Rfc1 Rfc8 19. Bf1 Nf5 20. Bf2 Bf8 21. b4 Bxc5
22. dxc5 Qd8 23. a3 Rc7 24. Nb3 Bc8 25. g4 Nfe7 26. Bh4 a5 27. Qd2 axb4 28.
axb4 Ra7 29. f5 exf5 30. gxf5 Bxf5 31. Nbd4 Nxd4 32. Nxd4 Qf8 33. Bxe7 Qxe7 34.
Nc6 Qc7 35. Qxd5 Be6 36. Qd6 Qxd6 37. exd6 Rab7 38. Nxb8 Rxb8 39. c6 Kf8 40. c7
Rb7 41. c8=Q+ Bxc8 42. Rxc8+ Kg7 43. Rc7 Rb6 44. d7 Rd6 45. Bxb5 Kf6 46. Rc6
Rxc6 47. Bxc6 Ke7 48. b5 Kd8 49. b6 f5 50. b7 1-0

[Event "Madrid-ch 2017-2018 - Previa A"]
[Site "Madrid ESP"]
[Date "2018.02.14"]
[Round "6.17"]
[White "Garcia Gonzalez, Pedro A"]
[Black "De Dompablo Fantova, Juan"]
[Result "0-1"]
[WhiteElo "1821"]
[BlackElo "1688"]
[PlyCount "76"]
[EventDate "2018.02.05"]
[EventType "swiss"]
[EventRounds "9"]
[EventCountry "ESP"]
[SourceTitle "Ajedrez en Madrid"]
[Source "lmi"]
[SourceDate "2018.02.05"]

1. Nf3 Nf6 2. d4 g6 3. Nbd2 Bg7 4. e4 d6 5. Bd3 O-O 6. O-O c5 7. c3 cxd4 8.
cxd4 Nc6 9. h3 Nh5 10. Nb3 Nb4 11. Bb1 a5 12. a3 Nc6 13. Be3 a4 14. Nbd2 b5 15.
Bd3 Ba6 16. Qe2 Qb8 17. Rfc1 Rc8 18. Rc2 e5 19. d5 Nd4 20. Rxc8+ Qxc8 21. Bxd4
exd4 22. Bxb5 Nf4 23. Qc4 Bxb5 24. Qxb5 Qc2 25. Qd7 Ne2+ 26. Kh2 Bh6 27. Qc6
Qxc6 28. dxc6 Rc8 29. b4 Rxc6 30. Ra2 Nc3 31. Rb2 Nb5 32. Ra2 Rc3 33. Nb1 Rb3
34. Nfd2 Bxd2 35. Nxd2 Rxa3 36. Rb2 Rc3 37. Ra2 a3 38. Nb1 Rb3 0-1

[Event "Madrid-ch 2017-2018 - Previa A"]
[Site "Madrid ESP"]
[Date "2018.02.14"]
[Round "6.18"]
[White "Martinez Miura, Enrique"]
[Black "Valencia de Loma, Sergio"]
[Result "1/2-1/2"]
[WhiteElo "1618"]
[BlackElo "1775"]
[PlyCount "54"]
[EventDate "2018.02.05"]
[EventType "swiss"]
[EventRounds "9"]
[EventCountry "ESP"]
[SourceTitle "Ajedrez en Madrid"]
[Source "lmi"]
[SourceDate "2018.02.05"]

1. e4 d5 2. exd5 Nf6 3. d4 Bg4 4. Be2 Bxe2 5. Nxe2 Qxd5 6. O-O e6 7. Nbc3 Qh5
8. Ng3 Qxd1 9. Rxd1 Nc6 10. Bf4 Bd6 11. Bxd6 cxd6 12. d5 exd5 13. Nxd5 Nxd5 14.
Rxd5 O-O-O 15. c3 Ne7 16. Rd2 d5 17. Rad1 Kc7 18. Nh5 Rd6 19. c4 g5 20. cxd5
Rhd8 21. Ng3 Rxd5 22. Rc1+ Kb6 23. Re2 Nf5 24. Nxf5 Rxf5 25. g3 Rfd5 26. Kg2
Rd2 27. Rc2 R2d5 1/2-1/2

[Event "Madrid-ch 2017-2018 - Previa A"]
[Site "Madrid ESP"]
[Date "2018.02.14"]
[Round "6.19"]
[White "Martin Garcia, Francisco Javier"]
[Black "Caamaño Jimenez, Luis"]
[Result "0-1"]
[WhiteElo "1461"]
[BlackElo "1746"]
[PlyCount "66"]
[EventDate "2018.02.05"]
[EventType "swiss"]
[EventRounds "9"]
[EventCountry "ESP"]
[SourceTitle "Ajedrez en Madrid"]
[Source "lmi"]
[SourceDate "2018.02.05"]

1. d4 Nf6 2. Nf3 d5 3. Bf4 e6 4. e3 c5 5. c3 Nc6 6. Bd3 cxd4 7. exd4 Bd6 8. Bg3
Bxg3 9. hxg3 h6 10. Nbd2 Bd7 11. Qc2 Qb6 12. Nb3 a6 13. Ne5 Ne7 14. Nc5 Bb5 15.
c4 dxc4 16. Bxc4 Bxc4 17. Nxc4 Qb4+ 18. Kf1 Rd8 19. a3 Qb5 20. Rd1 O-O 21. b4
Nf5 22. Nb3 Rd5 23. g4 Nxg4 24. Rh3 Nf6 25. g4 Ne7 26. f4 Ng6 27. Rf3 Nxg4 28.
Ke1 Nf6 29. Rb1 Rfd8 30. Qd3 Rf5 31. Nc5 Nxf4 32. Qb3 Rxd4 33. Rc1 Rxc5 0-1